000 00456nam a2200157Ia 4500
008 230711s9999||||xx |||||||||||||| ||und||
041 _aENG
082 _a620
_bBU-I
100 _aBureau of Indian Standard
245 0 _aSI : 2974 Pt II
_bCode of practice for design and construction of machine foundation Pt II
250 _a1st
260 _c1980
_aNew Delhi
_bBureau of Indian Standard
300 _a15
650 _aMechanical Engineering
942 _cBK
999 _c8255
_d8255